Temas de Historia panameña /
Αποθηκεύτηκε σε:
| Κύριος συγγραφέας: | |
|---|---|
| Μορφή: | Άγνωστο |
| Γλώσσα: | Spanish |
| Έκδοση: |
Panamá :
Editorial Universitaria,
1996.
|
| Θέματα: | |
| Ετικέτες: |
Προσθήκη ετικέτας
Δεν υπάρχουν, Καταχωρήστε ετικέτα πρώτοι!
|
MARC
| LEADER | 000000000a22000000004500 | ||
|---|---|---|---|
| 001 | 003448 | ||
| 041 | 0 | |a spa | |
| 082 | 0 | 4 | |a 972.87 |b M52t |
| 100 | 1 | |a Mena García, María del Carmen | |
| 245 | 1 | 0 | |a Temas de Historia panameña / |c María del Carmen Mena García. |
| 260 | 1 | |a Panamá : |b Editorial Universitaria, |c 1996. | |
| 300 | |a xv, 445 páginas ; |c 21 cm. | ||
| 650 | 4 | |a PANAMA | |
| 650 | 4 | |a HISTORIA | |
| 650 | 4 | |a AMERICA CENTRAL | |
| 650 | 4 | |a INVASION, 1989 | |
| 650 | 4 | |a FIGUEROA NAVARRO, ALFREDO 1950- | |
| 650 | 4 | |a AUTORES PANAMEÑOS | |
| 999 | |c 9671 |d 9671 | ||
| 942 | |c BK |h 972.87 M52t |2 z | ||
